| 000 | 00386nam a22001337a 4500 | ||
|---|---|---|---|
| 005 | 20250813122139.0 | ||
| 008 | 250813b |||||||| |||| 00| 0 eng d | ||
| 020 | _a0751311103 | ||
| 050 |
_aPE 1628 _bILL |
||
| 245 |
_aDK ILLUSTRATED OXFORD DICTIONARY _cJONATHAN METCALF Managing Editor |
||
| 260 |
_aLONDON _bDORLING KINDERSLEY _cc1998 |
||
| 300 |
_a1008p.; _bcol ills |
||
| 942 |
_2lcc _cREF _n0 |
||
| 999 |
_c7264 _d7264 |
||